000 00883 a2200325 4500
001 113128
020 _a0060279397
020 _a0060279400 (lib. bdg.)
020 _a9780064443050
041 _apor
090 _aYear 2 811
092 _a98054209
100 _aDakos, Kalli.
250 _a. ed.
300 _a38 p.
490 _aI can read book
697 _aChildren's poetry, American.
697 _aPoetry.
697 _aReaders (Elementary)
697 _aSchools - Poetry.
697 _aEducation, Elementary - Juvenile poetry.
697 _aAmerican poetry.
697 _aElementary schools - Juvenile poetry.
830 _aI can read book
856 _u00000d/00000d4c.jpg
040 _aBR-BrIDEA
_cBR-BrIDEA
245 1 0 _aThe bug in teacher's coffee and other school poems
_c Kalli Dakos
260 _a[S.l.]
_bHarperCollins
_c1999
942 _cBK
999 _c113128
_d113128